000
00329 a2200157 4500
001
57077
020
_a
8526252003
040
_c
Anchieta - Pituba
100
_a
Leite, Marcia
240
1
0
_a
Qual é a minha?
_l
por
245
1
0
_a
Qual é a minha?
300
_a
72
362
0
_a
2004
650
4
_a
Literatura juvenil
942
_c
BK
999
_c
57077
_d
57077